Ч. 1; Мультиплетная теория катализа

Бібліографічні деталі
Parent link:Мультиплетная теория катализа: в 3 ч./ А. А. Баландин. Ч. 1.— , 1963-1970
Мова:Російська
Опубліковано: 1963
Предмети:
Формат: Книга
KOHA link:https://koha.lib.tpu.ru/cgi-bin/koha/opac-detail.pl?biblionumber=321804

MARC

LEADER 00000nam2a2200000 4500
001 321804
005 20231102003419.0
035 |a (RuTPU)RU\TPU\book\347360 
090 |a 321804 
100 |a 20160906d1963 k y0rusy50 ca 
101 0 |a rus 
102 |a RU 
105 |a a z 001zy 
200 0 |a Ч. 1 
210 |d 1963 
215 |a 104 с.  |c ил. 
320 |a Библиогр.: с. 91-102 
461 1 |0 (RuTPU)RU\TPU\book\287880  |t Мультиплетная теория катализа  |o в 3 ч.  |f А. А. Баландин  |v Ч. 1  |d 1963-1970 
606 1 |a Катализ  |x Мультиплетная теория  |2 stltpush  |3 (RuTPU)RU\TPU\subj\14039  |9 40536 
610 1 |a химические реакции 
610 1 |a дублетные реакции 
610 1 |a секстетные реакции 
610 1 |a свободные радикалы 
610 1 |a асимметрический катализ 
610 1 |a ферментативные реакции 
610 1 |a библиотека А. Г. Стромберга 
675 |a 544.47  |v 4 
801 1 |a RU  |b 63413507  |c 20160906 
801 2 |a RU  |b 63413507  |c 20181102  |g RCR 
942 |c BK